The new world of mathematics

Αποθηκεύτηκε σε:
Λεπτομέρειες βιβλιογραφικής εγγραφής
Κύριος συγγραφέας: Boehm, George A. W.
Μορφή: Βιβλίο
Γλώσσα:English
Δημοσίευση: London : Faber and Faber, 1959, c1958
Θέματα:
Ετικέτες: Προσθήκη ετικέτας
Δεν υπάρχουν, Καταχωρήστε ετικέτα πρώτοι!

MARC

LEADER 00000cam a2200000 i 4500
001 1/4433
008 100211r19591958 eng d
035 |l 10106769 
040 |a GR-MY-UA  |b gre  |e aacr 
041 0 |a eng 
082 0 |a 510  |2 (22) 
100 1 |a Boehm, George A. W. 
245 1 4 |a The new world of mathematics /  |c by George A. W. Boehm ; and the editors of Fortune ; diagrams Max Gschwind 
246 3 3 |a The new world of mathematics 
260 |a London :   |b Faber and Faber,   |c 1959, c1958 
300 |a 128 σ.;  |b σχ., πιν.;  |c 20 εκ. 
650 0 0 |a Mathematics. 
852 |a INST  |b SAMOS  |c MAG  |e 20100211  |h 510 BOE  |p 005300030636  |q 005300030636  |t BK  |y 0 
901 |a BIBL3-2010-1 
909 |a Σ  |b 161808 
970 |a ΣΙΤΖΙΜΗ  |b ΓΙΑΣΕΜΗ  |z 2010/02/11